Los nuevos lineamientos políticos y jurídicos del desarrollo sostenible y su importancia para Costa Rica /
MANUEL
Gardado en:
| Autor Principal: | |
|---|---|
| Autor Corporativo: | |
| Formato: | Desconocido |
| Idioma: | Spanish |
| Materias: | |
| Etiquetas: |
Engadir etiqueta
Sen Etiquetas, Sexa o primeiro en etiquetar este rexistro!
|
MARC
| LEADER | 00000 a2200000 04500 | ||
|---|---|---|---|
| 001 | 4510 | ||
| 003 | CIDCACS | ||
| 005 | 20221114105855.0 | ||
| 008 | 221114b |||||||| |||| 00| 0 spa d | ||
| 040 | |c CIDCACS | ||
| 100 | 1 | |9 10819 |a Barahona Israel, Rodrigo |e Autor | |
| 245 | 1 | 4 | |a Los nuevos lineamientos políticos y jurídicos del desarrollo sostenible y su importancia para Costa Rica / |c Rodrigo Barahona Israel |
| 300 | |a páginas 657-659 | ||
| 520 | |a MANUEL | ||
| 651 | 0 | |9 32 |a COSTA RICA | |
| 710 | |a Universidad Nacional (Costa Rica) | ||
| 773 | 0 | |0 17141 |9 4797 |a Costa Rica. |d Heredia: UNA, 1993 |o 22321 |t Ideario Costarricense / |w (cru CIDCACS/IIS)4416 | |
| 942 | |2 ddc |c LI | ||
| 999 | |c 13267 |d 13267 | ||
